| Tag |
First Indicator |
Second Indicator |
Subfields |
| LEADER |
00000nam a2200000 i 4500 |
| 001 |
in00004562221 |
| 003 |
OCoLC |
| 005 |
20220329144848.0 |
| 006 |
m o d |
| 007 |
cr ||||||||||| |
| 008 |
211101t20222022enka ob 001 0 eng |
| 010 |
|
|
|a 2021042112
|
| 024 |
8 |
|
|a 40031021887
|
| 040 |
|
|
|a DLC
|b eng
|e rda
|c DLC
|d TYFRS
|d OCLCF
|d YDX
|d OCLCO
|d UKAHL
|d N$T
|d YDX
|d OCLCO
|
| 020 |
|
|
|a 9781003164593
|q electronic book
|
| 020 |
|
|
|a 1003164595
|q electronic book
|
| 020 |
|
|
|a 9781000538496
|q electronic book
|
| 020 |
|
|
|a 1000538494
|q electronic book
|
| 020 |
|
|
|a 9781000538427
|q electronic book
|
| 020 |
|
|
|a 1000538427
|q electronic book
|
| 020 |
|
|
|z 9780367759209
|q hardcover
|
| 020 |
|
|
|z 9780367759155
|q paperback
|
| 035 |
|
|
|a (OCoLC)1273728211
|
| 037 |
|
|
|a 9781003164593
|b Taylor & Francis
|
| 042 |
|
|
|a pcc
|
| 050 |
|
4 |
|a HM861
|b .W38 2022
|
| 072 |
|
7 |
|a ARC
|x 008000
|2 bisacsh
|
| 072 |
|
7 |
|a NAT
|x 010000
|2 bisacsh
|
| 072 |
|
7 |
|a NAT
|x 024000
|2 bisacsh
|
| 072 |
|
7 |
|a TQ
|2 bicssc
|
| 082 |
0 |
0 |
|a 304.2
|2 23/eng/20211109
|
| 100 |
1 |
|
|a Waterman, Tim,
|e author.
|
| 245 |
1 |
4 |
|a The landscape of utopia :
|b writings on everyday life, taste, democracy, and design /
|c Tim Waterman.
|
| 264 |
|
1 |
|a Abingdon, Oxon ;
|a New York, NY :
|b Routledge,
|c 2022.
|
| 264 |
|
4 |
|c ©2022
|
| 300 |
|
|
|a 1 online resource () :
|b illustrations.
|
| 336 |
|
|
|a text
|b txt
|2 rdacontent
|
| 337 |
|
|
|a computer
|b c
|2 rdamedia
|
| 338 |
|
|
|a online resource
|b cr
|2 rdacarrier
|
| 504 |
|
|
|a Includes bibliographical references and index.
|
| 505 |
0 |
|
|a Introduction : taste, democracy, and everyday life in landscape imaginaries -- Thailand, highland, and secret island : landscape and power in Bond films -- A word... 'blang' -- The flavour of the place : eating and drinking in Pajottenland -- The global cucumber : on the Milan Expo 2015 -- A word... 'theatre' -- Feasting is a project -- At liberty : the Place de la ReÌ?publique -- A word... 'profession' -- Situating the digital commons : a conversation with Ruth Catlow -- Dining at a distance : performing the commons across space and time (with Ruth Catlow) -- On astronauts, LSD, and landscape architecture -- A word... 'vast' -- Making meaning : minds, bodies, and media in architectural design -- Other stranger's paths -- Democracy and trespass -- A word... 'habitat' -- It's about time : the genius temporum of MartiÌ? Franch's Girona landscapes -- Despot, Martyr, and fool : an obituary for the Garden Bridge -- Notes from the first days of London's lockdown -- During and after the pandemic our streets need more democracy -- A word... 'inevitable' -- Two London squares and a theory of the beige hole -- A word... 'storytelling' -- National progress -- The tasty city : democratic life and the fulfilment of desire.
|
| 588 |
|
|
|a Description based on online resource; title from digital title page (viewed on March 18, 2022).
|
| 650 |
|
0 |
|a Social ecology.
|
| 650 |
|
0 |
|a Manners and customs.
|
| 650 |
|
0 |
|a Political sociology.
|
| 650 |
|
0 |
|a Landscape architecture
|x Philosophy.
|
| 650 |
|
0 |
|a Eating (Philosophy)
|
| 650 |
|
0 |
|a Utopias.
|
| 650 |
|
2 |
|a Social Environment
|
| 650 |
|
2 |
|a Cultural Characteristics
|
| 650 |
|
2 |
|a Utopias
|
| 650 |
|
6 |
|a EÌ?cologie sociale.
|
| 650 |
|
6 |
|a Mœurs et coutumes.
|
| 650 |
|
6 |
|a Sociologie politique.
|
| 650 |
|
6 |
|a Architecture du paysage
|x Philosophie.
|
| 650 |
|
6 |
|a Nourriture.
|
| 650 |
|
6 |
|a Utopies.
|
| 650 |
|
7 |
|a human ecology.
|2 aat
|
| 650 |
|
7 |
|a ARCHITECTURE / Landscape
|2 bisacsh
|
| 650 |
|
7 |
|a NATURE / Ecology
|2 bisacsh
|
| 650 |
|
7 |
|a NATURE / Essays
|2 bisacsh
|
| 650 |
|
7 |
|a Eating (Philosophy)
|2 fast
|0 (OCoLC)fst00901196
|
| 650 |
|
7 |
|a Landscape architecture
|x Philosophy.
|2 fast
|0 (OCoLC)fst00991837
|
| 650 |
|
7 |
|a Manners and customs.
|2 fast
|0 (OCoLC)fst01007815
|
| 650 |
|
7 |
|a Political sociology.
|2 fast
|0 (OCoLC)fst01069877
|
| 650 |
|
7 |
|a Social ecology.
|2 fast
|0 (OCoLC)fst01122434
|
| 650 |
|
7 |
|a Utopias.
|2 fast
|0 (OCoLC)fst01163359
|
| 655 |
|
7 |
|a Electronic books.
|2 local
|
| 710 |
2 |
|
|a Taylor & Francis
|
| 776 |
1 |
8 |
|i Print version:
|a Waterman, Tim.
|t Landscape of utopia
|d Abingdon, Oxon ; New York, NY : Routledge, 2022
|z 9780367759209
|w (DLC) 2021042111
|
| 856 |
4 |
0 |
|u http://proxy.library.tamu.edu/login?url=https://www.taylorfrancis.com/books/9781003164593
|z Connect to the full text of this electronic book
|t 0
|
| 945 |
|
|
|b 246438
|
| 955 |
|
|
|a YBP purchased approval e-records
|
| 980 |
|
|
|b ebook
|c 40031021887
|f NONFIC/B
|g 565751
|k USD
|m 180.00
|q 1
|s AcqMono Conventional
|t Approval plan
|u Vendor order reference number
|v ZYBP
|y E-approvals
|z Electronic resource
|
| 999 |
f |
f |
|i 1ea546ed-7b11-4830-a069-a987b3848986
|s 93a1cd62-007e-408b-8998-dcb2bd9a002b
|t 0
|
| 952 |
f |
f |
|a Texas A&M University
|b College Station
|c Electronic Resources
|s www_evans
|d Available Online
|t 0
|e HM861 .W38 2022
|h Library of Congress classification
|